[Event "12th WY U16 Ol"]
[Site "Singapore SIN"]
[Date "2007.08.07"]
[Round "5"]
[White "Kilpatrick,C"]
[Black "Koh,J"]
[Result "1-0"]
[WhiteElo "2120"]
[BlackElo "2028"]

1.e4 c5 2.Nf3 d6 3.d4 cxd4 4.Nxd4 Nf6 5.Nc3 Nc6 6.Bg5 e6 7.Qd2 Be7 8.O-O-O a6
9.f3 Nxd4 10.Qxd4 b5 11.e5 dxe5 12.Qxe5 Qb6 13.Be3 Qb8 14.Qg3 Qxg3 15.hxg3 Bb7
16.Bd3 O-O-O 17.Kb1 h5 18.a4 b4 19.Na2 Nd7 20.Be2 a5 21.c3 bxc3 22.Nxc3 Nc5
23.Rc1 Kb8 24.Nb5 Nd3 25.Rc7 Bf6 26.Rxf7 Nb4 27.Rc1 Nd5 28.Bc5 Rc8 29.Rxb7+ Kxb7
30.Nd6+ Ka8 31.Nxc8 Rxc8 32.f4 Rb8 33.Rc2 Bxb2 34.Bb5 Bf6 35.Bd6 Nc3+ 36.Kc1 Rc8
37.Bd7 Ne2+ 38.Kd1 Rxc2 39.Kxc2 Nxg3 40.Bxe6 Kb7 41.f5 h4 42.Kd3 Kc6 43.Bf8 Nf1
44.Ba3 Nh2 45.Kc4 Ng4 46.Bd5+ Kb6 47.Bc5+ Ka6 48.Be6 Ne5+ 49.Kd5 Kb7 50.Kd6 Nc6
51.Bc8+ Kxc8 52.Kxc6 Bc3 53.Bf2 Bf6 54.Be1 Bd8 55.Bc3  1-0

[Event "Open"]
[Site "Callao PER"]
[Date "2007.08.08"]
[Round "1"]
[White "Celis Sanchez,C"]
[Black "Suasnabar,J"]
[Result "1/2-1/2"]
[WhiteElo "2244"]
[BlackElo "2072"]

1.e4 c5 2.Nf3 Nc6 3.d4 cxd4 4.Nxd4 Nf6 5.Nc3 d6 6.Bg5 e6 7.Be2 Be7 8.Qd2 d5
9.exd5 exd5 10.O-O-O O-O 11.Kb1 Nxd4 12.Qxd4 Be6 13.Bf3 Qa5 14.Qa4 Qxa4 15.Nxa4 Rfd8
16.Nc3 Rd7 17.Bxf6 Bxf6 18.Nxd5 Bxd5 19.Rxd5 Rad8 20.Rhd1 Rxd5 21.Rxd5 Rxd5
22.Bxd5 b6 23.c3 Kf8 24.Kc2 Ke7 25.Kb3 Be5 26.h3 f6 27.Ka4 Kd6 28.Bg8 h6
29.Kb5 Kc7 30.a4 a5 31.Bh7 Bh2 32.b4 axb4 33.cxb4 Bg1 34.f4 Be3 35.f5 Bf2
36.a5 bxa5 37.bxa5 Be3 38.a6 Bf2 39.Bg6 Bg1 40.Bh5 Bf2 41.Bd1 Bg1 42.Bc2 Bf2
43.Kc4 Kd6 44.Kd3 Ke5 45.Ke2 Bb6 46.Kf3 Bc5 47.Kg4 Kd6 48.Kh5 Ke7 49.Kg6 Kf8
50.Bb3 Bd4 51.g4 Bf2 52.h4 Be3 53.Bd5 Bd4 54.h5 Be3 55.Bf3 Bd4 56.Be2 Be3
57.g5 fxg5 58.f6 gxf6 59.Kxf6 Kg8 60.Kg6 Kh8 61.Bg4 Bd4  1/2-1/2

[Event "Open"]
[Site "Dubna RUS"]
[Date "2007.08.08"]
[Round "9"]
[White "Bezgodova,M"]
[Black "Dzhangobegov,V"]
[Result "0-1"]
[WhiteElo "1999"]
[BlackElo "2143"]

1.e4 c5 2.Nf3 Nc6 3.d4 cxd4 4.Nxd4 Nf6 5.Nc3 d6 6.Bg5 e6 7.Qd2 a6 8.O-O-O h6
9.Bh4 Nxe4 10.Qf4 Ng5 11.Nxc6 bxc6 12.Ne4 e5 13.Bxg5 hxg5 14.Qxg5 Qxg5+ 15.Nxg5 f6
16.Ne4 d5 17.Nd2 Bc5 18.f3 Bf5 19.h4 Be3 20.g4 Bg6 21.Kb1 a5 22.a4 Rb8 23.h5 Bh7
24.Be2 Rb4 25.Rhe1 Bf4 26.Bf1 Ke7 27.Bd3 Bxd3 28.cxd3 Rhb8 29.b3 Rxa4 30.Kb2 Rab4
31.Ka3 Bxd2 32.Rxd2 Rxb3+ 33.Ka2 R3b4 34.Ka3 Rb1 35.Ree2 Ra1+ 36.Ra2 Rxa2+
37.Kxa2 Rb4 38.g5 Rh4 39.h6 gxh6 40.g6 Kf8 41.Rc2 Kg7 42.Rxc6 Kxg6 43.Rc5 Rd4  0-1

[Event "UTwente YM"]
[Site "Hengelo NED"]
[Date "2007.08.08"]
[Round "5"]
[White "Broekmeulen,Ja"]
[Black "Van Eijk,S"]
[Result "1-0"]
[WhiteElo "2283"]
[BlackElo "2274"]

1.e4 c5 2.Nf3 d6 3.d4 cxd4 4.Nxd4 Nf6 5.Nc3 Nc6 6.Bg5 e6 7.Qd2 a6 8.O-O-O Bd7
9.f3 Rc8 10.Nxc6 Bxc6 11.g4 Be7 12.h4 Qa5 13.Kb1 h5 14.gxh5 Rxh5 15.Rg1 Rh8
16.Bf4 Nh5 17.Bxd6 Bxd6 18.Qxd6 Rd8 19.Qh2 Rxd1+ 20.Nxd1 g6 21.Bd3 Ke7 22.Ne3 Qd8
23.Nc4 Qd4 24.Qc7+ Kf8 25.Rg2 Be8 26.a3 Nf6 27.Qxb7 Bb5 28.e5 Ne8 29.Rg4 Qd8
30.Rf4 Qe7 31.Qe4 Kg7 32.Qd4 Nc7 33.Nd6 Rf8 34.c4 Be8 35.h5 Rh8 36.hxg6 fxg6
37.Rf6 Rh6 38.Qa7  1-0

[Event "UTwente YM"]
[Site "Hengelo NED"]
[Date "2007.08.08"]
[Round "5"]
[White "Corrales Jimenez,F"]
[Black "Brandenburg,D"]
[Result "1/2-1/2"]
[WhiteElo "2499"]
[BlackElo "2433"]

1.e4 c5 2.Nf3 d6 3.d4 cxd4 4.Nxd4 Nf6 5.Nc3 Nc6 6.Bg5 e6 7.Qd2 a6 8.O-O-O Bd7
9.f4 b5 10.Bxf6 gxf6 11.Kb1 Qb6 12.Nxc6 Bxc6 13.f5 Qc5 14.Bd3 h5 15.Rhf1 b4
16.Ne2 e5 17.h4 Bh6 18.Qe1 a5 19.Ng3 Ke7 20.Rf3 Rag8 21.b3 Rg4 22.Bc4 Bf4
23.Bd5 Rc8 24.c4 bxc3 25.Rxc3 Bxg3 26.Rxc5 Bxe1 27.Rxc6 Rxc6 28.Bxc6 Bb4
29.Rc1 Rxg2 30.Bd5 Bc5 31.a3 Rg1 32.Rxg1 Bxg1 33.Bc4 Bf2 34.Be2 Bxh4 35.Bxh5 Be1
36.Kc2 d5 37.exd5 Kd6 38.Bf3 Kc5 39.b4+ axb4 40.a4 Bf2 41.Kb3 Be3 42.Be4 Bf2
43.Bf3 Be3 44.Kc2 Kb6 45.Kd3 Bc5 46.Kc4 Bd6 47.Bh5 Ka5 48.Kb3 Be7 49.Bxf7 Bd6
50.Bh5 Be7 51.Bd1 Bd6 52.Kc4 Be7 53.Bb3 Bd6 54.Bc2 Kb6 55.Kd3 Kc5 56.Bb3 Bc7
57.Ke4 Ba5 58.Kd3 Bc7 59.Ke4  1/2-1/2

[Event "XVIII Kochan Mem"]
[Site "Koszalin POL"]
[Date "2007.08.08"]
[Round "4"]
[White "Sochacki,W"]
[Black "Sharapov,E"]
[Result "1-0"]
[WhiteElo "2109"]
[BlackElo "2437"]

1.e4 c5 2.Nf3 d6 3.d4 cxd4 4.Nxd4 Nf6 5.Nc3 Nc6 6.Bg5 Qb6 7.Nb3 e6 8.Qd2 a6
9.f3 Be7 10.O-O-O O-O 11.h4 Rd8 12.Be3 Qc7 13.Qf2 Nd7 14.g4 Nce5 15.g5 b5
16.h5 Rb8 17.g6 fxg6 18.hxg6 hxg6 19.Bh3 Nf8 20.f4 Nc4 21.f5 b4 22.fxe6 Bxe6
23.Bxe6+ Nxe6 24.Nd5 Qd7 25.Qh2 Nxe3 26.Qh7+ Kf8 27.Rdf1+ Nxf1 28.Rxf1+ Bf6
29.Nxf6 Qf7 30.Qh8+ Ke7 31.Nd5+ Kd7 32.Rxf7+ Kc6 33.Qh1 Rf8 34.Qf1 Rxf7 35.Qxf7 Rh8
36.Na5+ Kb5 37.Qb7+ Kc5 38.Qxb4+  1-0

[Event "Valoz Cup GMA"]
[Site "Olomouc CZE"]
[Date "2007.08.09"]
[Round "11"]
[White "Grandelius,N"]
[Black "Malinovsky,K"]
[Result "1/2-1/2"]
[WhiteElo "2271"]
[BlackElo "2334"]

1.e4 c5 2.Nf3 Nc6 3.d4 cxd4 4.Nxd4 Nf6 5.Nc3 d6 6.Bg5 Bd7 7.Be2 Nxd4 8.Qxd4 Qa5
9.Bxf6 gxf6 10.O-O Rc8 11.a4 Qc5 12.Qd2 a6 13.Nd5 Qxc2 14.Qe3 Bh6 15.Qxh6 Qxe2
16.Nb6 Rd8 17.Qg7 Rf8 18.Nxd7 Kxd7 19.Qxh7 e6 20.Rac1 Ke7 21.Rc7+ Rd7 22.Rxd7+ Kxd7
23.h4 Qxb2 24.Qg7 Ke7 25.h5 Qe5 26.Rc1 Qxh5 27.Rc7+ Kd8 28.Rxb7 Qd1+ 29.Kh2 Qh5+
30.Kg1 Qd1+ 31.Kh2 Qh5+ 32.Kg1 Qd1+  1/2-1/2

[Event "Agentura 64 Cup IMB"]
[Site "Olomouc CZE"]
[Date "2007.08.09"]
[Round "11"]
[White "Talla,V"]
[Black "Baryshpolets,A"]
[Result "1-0"]
[WhiteElo "2430"]
[BlackElo "2307"]

1.e4 c5 2.Nf3 Nc6 3.d4 cxd4 4.Nxd4 Nf6 5.Nc3 d6 6.Bg5 e6 7.Qd2 a6 8.O-O-O Bd7
9.f3 Be7 10.h4 h6 11.Be3 h5 12.Bg5 Ne5 13.Kb1 b5 14.Bd3 Qb6 15.Nce2 b4 16.Rhe1 a5
17.Be3 Qb7 18.Ng3 a4 19.Bg5 Bd8 20.f4 Nxd3 21.Qxd3 a3 22.e5 dxe5 23.fxe5 Nd5
24.Ne4 O-O 25.b3 Bc7 26.Nf3 Bb5 27.Qd2 Bc6 28.Bf6 Nxf6 29.Nxf6+ Kh8 30.Qg5 Bxf3
31.Rf1 Rad8 32.Rde1 gxf6 33.Qh6+  1-0

[Event "Petrovskaya Ladya IM1"]
[Site "Peterhof RUS"]
[Date "2007.08.09"]
[Round "6"]
[White "Bocharov,L"]
[Black "Lilov,V"]
[Result "1-0"]
[WhiteElo "2229"]
[BlackElo "2323"]

1.e4 c5 2.Nf3 Nc6 3.d4 cxd4 4.Nxd4 Nf6 5.Nc3 d6 6.Bg5 e6 7.Qd2 Be7 8.O-O-O a6
9.f3 Qc7 10.Nb3 b5 11.Bxf6 gxf6 12.f4 Bd7 13.a3 Rb8 14.g3 b4 15.axb4 Nxb4
16.f5 Qb7 17.Bc4 Rc8 18.Qe2 Qc6 19.fxe6 fxe6 20.Qh5+ Kf8 21.Rd4 h6 22.Rf1 Qc7
23.Qg6 Rg8 24.Rxf6+ Bxf6 25.Qxf6+ Ke8 26.Bxe6 Na2+ 27.Kd2 Rf8 28.Qg6+ Kd8
29.Bf7 Be6 30.Qxe6 Qxf7 31.Rxd6+ Kc7 32.Rc6+ Kb7 33.Na5+  1-0

[Event "ch-Tula"]
[Site "Tula RUS"]
[Date "2007.08.09"]
[Round "7"]
[White "Chuiko,A"]
[Black "Selin,O"]
[Result "1-0"]
[WhiteElo "2452"]
[BlackElo "2400"]

1.e4 c5 2.Nf3 Nc6 3.d4 cxd4 4.Nxd4 Nf6 5.Nc3 d6 6.Bg5 e6 7.Qd2 a6 8.O-O-O Bd7
9.f4 h6 10.Bh4 g5 11.fxg5 Ng4 12.Nf3 Be7 13.h3 Nge5 14.Rg1 Rg8 15.Be2 hxg5
16.Bg3 Qa5 17.Kb1 O-O-O 18.Rgf1 f6 19.Nd4 Nxd4 20.Qxd4 Bc6 21.Bc4 Bd7 22.Bb3 Qc7
23.Na4 Bxa4 24.Qxa4 Qd7 25.Qd4 Rgf8 26.Rfe1 Nc6 27.Qc4 e5 28.Rf1 Kb8 29.Qd3 Rc8
30.c3 Qc7 31.Be6 Rcd8 32.Bf2 Rh8 33.b4 Rde8 34.Be3 Rh7 35.a4 a5 36.b5 Nd8
37.b6 Qc6 38.Bd5 Qxa4 39.Kb2 Qd7 40.Ra1 Nc6 41.Qb5 Kc8 42.Qc4 Kb8 43.Ra3 Bf8
44.Rfa1 Rc8 45.Bxc6  1-0

[Event "ch-AUT"]
[Site "Tweng AUT"]
[Date "2007.08.09"]
[Round "6"]
[White "Diermair,A"]
[Black "Pilaj,H"]
[Result "1/2-1/2"]
[WhiteElo "2373"]
[BlackElo "2388"]

1.e4 c5 2.Nf3 d6 3.d4 cxd4 4.Nxd4 Nf6 5.Nc3 Nc6 6.Bg5 e6 7.Qd2 a6 8.O-O-O Bd7
9.f4 h6 10.Bh4 g5 11.fxg5 Ng4 12.Be2 Nge5 13.Nf3 Be7 14.Rhg1 b5 15.Rdf1 b4
16.Nd1 hxg5 17.Bxg5 Bxg5 18.Nxg5 Qa5 19.Kb1 b3 20.Qxa5 bxc2+ 21.Kxc2 Nxa5
22.h3 Bb5 23.Bxb5+ axb5 24.a3 Nac4 25.Rf2 Rc8 26.Kb1 Rh5 27.Nf3 Nxf3 28.gxf3 Rxh3
29.Rg8+ Kd7 30.Rxc8 Kxc8 31.Nc3 b4 32.axb4 Rxf3 33.Rxf3 Nd2+ 34.Kc2 Nxf3
35.Kb3 Kb7 36.Ka4 Nd4 37.Ka5 Nc6+ 38.Kb5 Ne5 39.Ne2 Nd3 40.b3 Nf2 41.Nc3 Ng4
42.Ne2 Nf6 43.Nc3 Ng4 44.Ne2 Ne3 45.Nd4 Nd1 46.Ne2 Nf2 47.Nc3 Nh3 48.Ne2 Ng5
49.Nc3 Nf3 50.Nb1 Nd4+ 51.Kc4 Nf3 52.Kb5 Nd4+  1/2-1/2

[Event "UTwente YM"]
[Site "Hengelo NED"]
[Date "2007.08.11"]
[Round "9"]
[White "Burg,T"]
[Black "Van Eijk,S"]
[Result "1-0"]
[WhiteElo "2301"]
[BlackElo "2274"]

1.e4 c5 2.Nf3 Nc6 3.d4 cxd4 4.Nxd4 Nf6 5.Nc3 d6 6.Bg5 e6 7.Qd3 a6 8.O-O-O Bd7
9.f4 h6 10.Nxc6 Bxc6 11.Qh3 Qa5 12.Bxf6 gxf6 13.f5 Qe5 14.Be2 O-O-O 15.Bh5 Rh7
16.Kb1 Kb8 17.Rhe1 Rg7 18.g3 Bd7 19.Bg4 Rg5 20.Bh5 Rg7 21.g4 b5 22.Qe3 Kb7
23.h4 Rc8 24.Ne2 d5 25.Nf4 Bc5 26.Qd2 d4 27.Nd3 Qc7 28.Qxh6 Bf8 29.Qxf6 Qxc2+
30.Ka1 exf5 31.exf5 Re8 32.g5 Rxe1 33.Nxe1 Qxf5 34.Bf3+ Kc7 35.Rc1+  1-0

[Event "UTwente YM"]
[Site "Hengelo NED"]
[Date "2007.08.11"]
[Round "9"]
[White "Michielsen,J"]
[Black "Bitalzadeh,A"]
[Result "1-0"]
[WhiteElo "2314"]
[BlackElo "2390"]

1.e4 c5 2.Nf3 d6 3.d4 cxd4 4.Nxd4 Nf6 5.Nc3 Nc6 6.Bg5 e6 7.Qd2 a6 8.O-O-O Bd7
9.f3 Be7 10.h4 b5 11.Nxc6 Bxc6 12.Kb1 Qa5 13.Bd3 h6 14.Be3 Nd7 15.Qf2 b4
16.Ne2 d5 17.exd5 Bxd5 18.b3 Ne5 19.Nf4 Nxd3 20.Rxd3 Bc6 21.g4 g6 22.Bd4 O-O
23.Qe3 Kh7 24.h5 Bg5 25.hxg6+ fxg6 26.Qxe6 Rxf4 27.Qxc6 Raf8 28.Bb2 Qb5 29.Qxb5 axb5
30.Bc1 Kg7 31.Bxf4 Rxf4 32.c3 bxc3 33.Rxc3 b4 34.Rd3 Rf7 35.Rhd1 h5 36.Rd7 h4
37.Rxf7+ Kxf7 38.Re1 Bf4 39.Kc2 h3 40.Kd3 Kf6 41.Rh1 h2 42.Ke2 Ke5 43.Kf2 Kd4
44.Kg2 Kc3 45.Re1 g5 46.Re2 Bg3 47.Re4 Bd6 48.Re6 Bf4 49.Rb6 Be5 50.Rb5 Bf4
51.Kh1 Bd2 52.Kxh2 Kb2 53.Ra5 Kb1 54.Ra4 Kb2 55.Kg2 Kc3 56.a3 Kxb3 57.Rxb4+ Kxa3
58.Rb7 Ka4 59.Kf2 Ka5 60.Ke2  1-0

[Event "Arctic Chess Challenge"]
[Site "Tromso NOR"]
[Date "2007.08.11"]
[Round "8"]
[White "Royset,J"]
[Black "Thomassen,J"]
[Result "0-1"]
[WhiteElo "2223"]
[BlackElo "2075"]

1.e4 c5 2.Nf3 d6 3.d4 cxd4 4.Nxd4 Nf6 5.Nc3 Nc6 6.Bg5 e6 7.Qd2 a6 8.O-O-O Bd7
9.Nb3 b5 10.Bd3 b4 11.Ne2 a5 12.Kb1 a4 13.Nbd4 Nxd4 14.Nxd4 Qb6 15.Bxf6 gxf6
16.Qe3 a3 17.b3 Bh6 18.Qxh6 Qxd4 19.c3 Qxc3 20.Rd2 Rc8 21.Rhd1 Ke7 22.Qe3 Rhd8
23.f4 Bb5 24.Rc2 Bxd3 25.Qxd3 Qxc2+ 26.Qxc2 Rxc2 27.Kxc2 Rc8+ 28.Kd2 Rc3
29.Re1 Kd7 30.Re3 Rc5 31.Rd3 Rb5 32.Rd4 e5 33.Rc4 exf4 34.Ke2 Ke6 35.Kf3 Rc5
36.Rxb4 Rc2 37.Ra4 Rxa2 38.Ra5 f5 39.exf5+ Kf6 40.h4 h5 41.Rd5 Rb2 42.Rxd6+ Ke5
43.Rb6 a2 44.Rb5+ Kd4 45.Ra5 Kc3 46.Kxf4 Rxg2 47.Ke5 Kb2 48.Kf6 a1=Q 49.Rxa1 Kxa1
50.Kxf7 Rg4 51.f6 Rxh4 52.Kg6 Rf4 53.b4 h4 54.b5 h3 55.b6 h2 56.b7 Rb4 57.f7 h1=Q
58.f8=Q Qg2+  0-1

[Event "XVIII Kochan Mem"]
[Site "Koszalin POL"]
[Date "2007.08.12"]
[Round "8"]
[White "Mickiewicz,P"]
[Black "Shishkin,Va UKR"]
[Result "1/2-1/2"]
[WhiteElo "2271"]
[BlackElo "2543"]

1.e4 c5 2.Nf3 Nc6 3.d4 cxd4 4.Nxd4 Nf6 5.Nc3 d6 6.Bg5 Qb6 7.Nb3 e6 8.Bxf6 gxf6
9.Qd2 Bd7 10.O-O-O Na5 11.f4 Nxb3+ 12.axb3 O-O-O 13.Kb1 h5 14.f5 Qc5 15.g3 Kb8
16.Bh3 Qe5 17.Qf2 Bh6 18.Rhe1 Qc5 19.Qxc5 dxc5 20.e5 exf5 21.exf6 Bg5 22.Re7 Be6
23.Bg2 Rxd1+ 24.Nxd1 Bc8 25.Rxf7 Rh6 26.Nc3 Rxf6 27.Rxf6 Bxf6 28.Nd5 Be5
29.Nf4 Bxf4 30.gxf4 h4 31.Kc1 Kc7 32.Kd2 Kd6 33.Ke3 b6 34.Bf3 Be6 35.Kf2 Bd5
36.c4 Bxf3 37.Kxf3 Ke6 38.Kg2 Kf6 39.Kh3 Kg6 40.Kxh4  1/2-1/2

[Event "ch-AUT"]
[Site "Tweng AUT"]
[Date "2007.08.12"]
[Round "9"]
[White "Neubauer,M"]
[Black "Pilaj,H"]
[Result "1-0"]
[WhiteElo "2456"]
[BlackElo "2388"]

1.e4 c5 2.Nc3 d6 3.Nf3 Nc6 4.d4 cxd4 5.Nxd4 Nf6 6.Bg5 e6 7.Qd2 a6 8.O-O-O Bd7
9.f3 h6 10.Be3 b5 11.Kb1 Ne5 12.Bd3 b4 13.Nce2 d5 14.exd5 Nxd5 15.Nf4 Nxe3
16.Qxe3 Bd6 17.Ndxe6 Bxe6 18.Nxe6 fxe6 19.f4 Nxd3 20.Qxe6+ Qe7 21.Qg6+ Kd7
22.Qxd3 Rhe8 23.Rd2 Kc7 24.Qc4+ Kb6 25.Rhd1 Bc5 26.a3 Rac8 27.axb4 Bxb4 28.Qb3 a5
29.c3 Qe4+ 30.Ka2 Qxf4 31.cxb4 Qxb4 32.Rd6+ Rc6 33.Rxc6+ Kxc6 34.Qd5+ Kb6
35.Rd3 a4 36.Rc3 Re7 37.Rc6+ Ka7 38.Qd3 Qb7 39.Qd4+ Ka8 40.Qd8+ Ka7 41.Qa5+  1-0

[Event "ch-AUT"]
[Site "Tweng AUT"]
[Date "2007.08.12"]
[Round "9"]
[White "Schachinger,M"]
[Black "Genser,H"]
[Result "1-0"]
[WhiteElo "2284"]
[BlackElo "2347"]

1.e4 c5 2.Nf3 d6 3.d4 cxd4 4.Nxd4 Nf6 5.Nc3 Nc6 6.Bg5 e6 7.Qd2 a6 8.O-O-O Qb6
9.Bxf6 gxf6 10.Nb3 Qc7 11.Kb1 b5 12.Bxb5 axb5 13.Nxb5 Qb8 14.Nxd6+ Bxd6 15.Qxd6 Qxd6
16.Rxd6 Ne5 17.Re1 Rg8 18.f4 Nd7 19.g3 h5 20.c4 h4 21.Rd3 hxg3 22.hxg3 Ba6
23.Rc3 Nb6 24.Na5 Rc8 25.Rec1 Rc7 26.b4 Bb7 27.Re1 Ke7 28.c5 Rgc8 29.Rb3 Nd7
30.Kb2 Bc6 31.Nxc6+ Rxc6 32.a4 Ra8 33.Ra1 Kd8 34.Rc3 Rca6 35.Kb3 Rc6 36.Rd1 Ke7
37.Rdc1 Rac8 38.a5 Kd8 39.Kc4 Ke7 40.Kb5 Nb8 41.Ka4 Nd7 42.Rd1 R8c7 43.Rc4 Rc8
44.Kb5 Nb8 45.Rd6 R8c7 46.Rxc6 Nxc6 47.Kb6 Rc8 48.b5 Nd8 49.c6 Rb8+ 50.Kc5 Rc8
51.a6  1-0

[Event "17th Chess Festival"]
[Site "Abu Dhabi UAE"]
[Date "2007.08.13"]
[Round "2"]
[White "Ganguly,S"]
[Black "Bakre,T"]
[Result "1-0"]
[WhiteElo "2586"]
[BlackElo "2456"]

1.e4 c5 2.Nf3 d6 3.d4 cxd4 4.Nxd4 Nf6 5.Nc3 Nc6 6.Bg5 e6 7.Qd2 Be7 8.O-O-O a6
9.f3 Nxd4 10.Qxd4 Qc7 11.Qa4+ Bd7 12.Bb5 Rd8 13.Bxd7+ Rxd7 14.Rd3 Qc6 15.Rhd1 b5
16.Qa5 O-O 17.Ne2 Rc8 18.Rc3 Qb7 19.Rxc8+ Qxc8 20.Rd3 Rc7 21.Qd2 Ne8 22.Be3 Rc4
23.g4 h6 24.Kb1 Qb7 25.Bf2 Nf6 26.h4 Nd7 27.Bg3 Ne5 28.Re3 Rc8 29.b3 Ng6
30.Qe1 Qb6 31.Nf4 Nxf4 32.Bxf4 Bf6 33.g5 hxg5 34.hxg5 Bd4 35.Rd3 Qc5 36.Qd1 e5
37.Bc1 Rc6 38.f4 Qb6 39.f5 Rc3 40.Rxc3 Bxc3 41.g6 fxg6 42.fxg6 Qc6 43.Qf3  1-0

[Event "17th Chess Festival"]
[Site "Abu Dhabi UAE"]
[Date "2007.08.14"]
[Round "3"]
[White "Venkatesh,M"]
[Black "Ali,L"]
[Result "1/2-1/2"]
[WhiteElo "2443"]
[BlackElo "2224"]

1.e4 c5 2.Nf3 Nc6 3.d4 cxd4 4.Nxd4 Nf6 5.Nc3 d6 6.Bg5 e6 7.Qd2 a6 8.O-O-O Nxd4
9.Qxd4 Be7 10.f4 b5 11.Be2 Bb7 12.Bf3 Rc8 13.Rd2 Rc4 14.Qa7 Qc7 15.Bxf6 gxf6
16.Qe3 O-O 17.Kb1 Rc8 18.Rc1 Qa5 19.Rd3 b4 20.Nd1 Qc7 21.Qe2 a5 22.f5 Rc5
23.fxe6 fxe6 24.Bg4 Re5 25.Rg3 Kf8 26.Bxe6 Rxe6 27.Qg4 Kf7 28.Qh5+ Kf8 29.Qg4  1/2-1/2

[Event "Acropolis Open"]
[Site "Athens GRE"]
[Date "2007.08.15"]
[Round "2"]
[White "Pavlidis,Ana"]
[Black "Dembo,Y"]
[Result "0-1"]
[WhiteElo "2182"]
[BlackElo "2464"]

1.e4 c5 2.Nf3 Nc6 3.d4 cxd4 4.Nxd4 Nf6 5.Nc3 d6 6.Bg5 e6 7.Qd2 a6 8.O-O-O h6
9.Bxf6 Qxf6 10.Nf3 Qd8 11.g4 Be7 12.h4 Ne5 13.Nh2 Ng6 14.f4 Nxh4 15.Kb1 Bd7
16.Bd3 Qc7 17.Qf2 O-O-O 18.Nf1 Qc5 19.Qg3 g5 20.f5 Bf6 21.Be2 Be5 22.Qh3 Bc6
23.Rd3 Qf2 24.Ng3 Qg2 25.Bf1 Qxh3 26.Bxh3 Rhe8 27.Nge2 exf5 28.gxf5 Bxc3
29.Rxc3 Rxe4 30.Ng3 Re5 31.Rd1 Rde8 32.b3 Re3 33.Rdd3 Rxd3 34.Rxd3 Kc7 35.Bg4 Ng2
36.f6 Nf4 37.Rd2 Re1+ 38.Kb2 Rg1 39.Nf5 Rxg4 40.Nxh6 Rg2  0-1

[Event "ch-Euro IBCA"]
[Site "Durham ENG"]
[Date "2007.08.15"]
[Round "2"]
[White "Desanjose Candalija,E"]
[Black "Draghici,G"]
[Result "1-0"]
[WhiteElo "2271"]
[BlackElo "2107"]

1.e4 c5 2.Nf3 Nc6 3.d4 cxd4 4.Nxd4 Nf6 5.Nc3 d6 6.Bg5 Qb6 7.Nb3 e6 8.Bf4 Ne5
9.Be3 Qc7 10.f4 Nc6 11.g4 a6 12.g5 Nd7 13.Qd2 b5 14.O-O-O Bb7 15.Bg2 Nb6
16.Bf1 O-O-O 17.Bxb5 d5 18.Qf2 d4 19.Bxc6 dxe3 20.Bxb7+ Kxb7 21.Qxe3 Bb4
22.Ne2 Nc4 23.Qf3 a5 24.e5+ Ka6 25.Ned4 Rd5 26.c3 Rc8 27.Qe2 Kb7 28.cxb4 Ne3+
29.Nc5+  1-0

[Event "17th Chess Festival"]
[Site "Abu Dhabi UAE"]
[Date "2007.08.16"]
[Round "5"]
[White "Le Quang,K"]
[Black "Durarbeyli,V"]
[Result "1/2-1/2"]
[WhiteElo "2284"]
[BlackElo "2416"]

1.e4 c5 2.Nf3 d6 3.d4 cxd4 4.Nxd4 Nf6 5.Nc3 Nc6 6.Bg5 e6 7.Qd2 Be7 8.O-O-O O-O
9.f3 Qa5 10.h4 a6 11.Kb1 Nxd4 12.Qxd4 b5 13.Bd3 b4 14.Ne2 e5 15.Qf2 Be6 16.Nc1 Qc7
17.g4 a5 18.Be3 a4 19.g5 Nd7 20.Ne2 Nc5 21.Ng3 Rfc8 22.Rh2 Qa5 23.Qe1 Nxd3
24.cxd3 d5 25.d4 dxe4 26.fxe4 exd4 27.Bxd4 Rc4 28.Rhd2 Rac8 29.Qf1 Qc7 30.Nf5 Bxf5
31.exf5 b3 32.Bxg7 Bb4 33.Rd7 Rc1+ 34.Rxc1 Qxd7 35.Rxc8+ Qxc8 36.Bf6 Qc2+
37.Ka1 Bd2 38.Qh1 Qc8 39.h5 Qc1+ 40.Qxc1 Bxc1 41.Kb1 Bf4 42.Ka1 Be3 43.Kb1  1/2-1/2

[Event "5th Staunton Mem"]
[Site "London ENG"]
[Date "2007.08.16"]
[Round "9"]
[White "Smeets,J"]
[Black "Wells,P"]
[Result "1-0"]
[WhiteElo "2538"]
[BlackElo "2517"]

1.e4 c5 2.Nf3 Nc6 3.d4 cxd4 4.Nxd4 Nf6 5.Nc3 d6 6.Bg5 e6 7.Qd2 Be7 8.O-O-O O-O
9.f4 Nxd4 10.Qxd4 Qa5 11.e5 dxe5 12.Qxe5 b5 13.Ne4 Nxe4 14.Bxe7 Bb7 15.Bxf8 Rxf8
16.Bd3 Nf2 17.Qxb5 Qxb5 18.Bxb5 Nxh1 19.Rxh1 Bxg2 20.Rd1 h6 21.c4 Rc8 22.b4 Bf3
23.Rd3 Be2 24.Rd2 Bf1 25.a4 e5 26.c5 Bxb5 27.axb5 exf4 28.Rd7 Re8 29.Rxa7 f3
30.Kd2 Re2+ 31.Kd3 Rb2 32.c6 Rb3+ 33.Kc4 Rb2 34.b6  1-0

[Event "TCh-ESP CECLUB Norte Div 1"]
[Site "Sabadell ESP"]
[Date "2007.08.16"]
[Round "3"]
[White "Baklan,V"]
[Black "Beltran Rueda,S"]
[Result "1-0"]
[WhiteElo "2648"]
[BlackElo "2423"]

1.e4 c5 2.Nf3 Nc6 3.d4 cxd4 4.Nxd4 Nf6 5.Nc3 d6 6.Bg5 e6 7.Qd2 a6 8.O-O-O Bd7
9.f3 Be7 10.Kb1 O-O 11.h4 Nxd4 12.Qxd4 Bc6 13.Qd2 b5 14.Ne2 Rc8 15.Nd4 Bb7
16.Bd3 Qb6 17.Be3 Qc7 18.g4 d5 19.e5 Nd7 20.f4 Nc5 21.g5 Ne4 22.Qh2 Bc5 23.g6 Qb6
24.gxh7+ Kxh7 25.Rhg1 f5 26.Bxe4 dxe4 27.Qg2 Rf7 28.h5 Kg8 29.h6 Bxd4 30.Rxd4 Bd5
31.Qg6 Qb7 32.Rd2 b4 33.Rh2  1-0

[Event "17th Chess Festival"]
[Site "Abu Dhabi UAE"]
[Date "2007.08.17"]
[Round "6"]
[White "Ganguly,S"]
[Black "Mahjoob,M"]
[Result "0-1"]
[WhiteElo "2586"]
[BlackElo "2479"]

1.e4 c5 2.Nf3 Nc6 3.d4 cxd4 4.Nxd4 Nf6 5.Nc3 d6 6.Bg5 g6 7.Be2 Bg7 8.Nb3 O-O
9.O-O Be6 10.Kh1 Na5 11.f4 Nc4 12.f5 Nxb2 13.Qc1 Bc4 14.e5 Bxe2 15.Nxe2 Ne4
16.f6 exf6 17.exf6 Re8 18.Ng3 Nxg5 19.Qxg5 Re6 20.Nh5 Re5 21.Qc1 Bf8 22.Qxb2 Rxh5
23.Rae1 Qd7 24.Qd4 b6 25.Nc1 Rc8 26.Rf2 Rf5 27.Nd3 Rxf2 28.Qxf2 Qa4 29.Re2 Qxa2
30.h3 Qa1+ 31.Re1 Qa4 32.Re2 d5 33.Ne5 Re8 34.c4 dxc4 35.Qd4 Qb5 36.Re4 Qc5
37.Qc3 Qd5 38.Re1 b5 39.Ng4 Rxe1+ 40.Qxe1 h5  0-1

[Event "17th Chess Festival"]
[Site "Abu Dhabi UAE"]
[Date "2007.08.17"]
[Round "6"]
[White "Le Quang,K"]
[Black "Bakre,T"]
[Result "1-0"]
[WhiteElo "2284"]
[BlackElo "2456"]

1.e4 c5 2.Nf3 d6 3.d4 cxd4 4.Nxd4 Nf6 5.Nc3 Nc6 6.Bg5 e6 7.Qd2 Be7 8.O-O-O a6
9.f3 Nxd4 10.Qxd4 Qc7 11.g4 b5 12.Qd2 Bb7 13.Bg2 Rc8 14.Kb1 O-O 15.h4 Rfd8
16.Ne2 b4 17.Nd4 a5 18.Be3 e5 19.Nf5 Bf8 20.g5 Nh5 21.Qf2 Re8 22.Bh3 a4 23.Rd2 Nf4
24.Bxf4 exf4 25.Rhd1 Rcd8 26.Rd4 d5 27.Qd2 Bc5 28.Rd3 Ba6 29.Rxd5 Rxd5 30.exd5 Qe5
31.d6 a3 32.c3 bxc3 33.Qxc3 Qxc3 34.bxc3 Rb8+ 35.Kc1 g6 36.d7 Rd8 37.Nd4 Bb7
38.Kc2 Kf8 39.Kb3 Bd5+ 40.c4 Ba8 41.Kc3 Be7 42.Rb1 h6 43.Rb5 hxg5 44.hxg5 Kg8
45.Bg4 Kg7 46.Re5 Bxg5 47.Rxg5 f5 48.Ne6+  1-0

[Event "17th Chess Festival"]
[Site "Abu Dhabi UAE"]
[Date "2007.08.17"]
[Round "6"]
[White "Asrian,K"]
[Black "Jankovic,A"]
[Result "1-0"]
[WhiteElo "2608"]
[BlackElo "2536"]

1.e4 c5 2.Nf3 d6 3.d4 cxd4 4.Nxd4 Nf6 5.Nc3 Nc6 6.Bg5 e6 7.Qd2 a6 8.O-O-O Bd7
9.f4 b5 10.Bxf6 gxf6 11.Kb1 b4 12.Nce2 Qb6 13.Qe1 Rc8 14.Qh4 Nxd4 15.Nxd4 Bg7
16.f5 e5 17.Nb3 Qc7 18.Bd3 h5 19.Nd2 Bb5 20.Qh3 Bh6 21.b3 Qb6 22.Nc4 Bxc4
23.Bxc4 Be3 24.Qg3 Rf8 25.Rd5 Ke7 26.Rhd1 Bc5 27.Qh4 Rh8 28.Qe1 h4 29.Qe2 a5
30.R5d3 Bd4 31.g4 a4 32.g5  1-0

[Event "Acropolis Open"]
[Site "Athens GRE"]
[Date "2007.08.17"]
[Round "4"]
[White "Zawadzka,J"]
[Black "Dembo,Y"]
[Result "0-1"]
[WhiteElo "2354"]
[BlackElo "2464"]

1.e4 c5 2.Nf3 Nc6 3.d4 cxd4 4.Nxd4 Nf6 5.Nc3 d6 6.Bg5 e6 7.Qd2 a6 8.O-O-O h6
9.Nxc6 bxc6 10.Bf4 d5 11.Qe3 Qa5 12.Be2 Bb4 13.Be5 Be7 14.h4 O-O 15.Rh3 dxe4
16.f4 Nd5 17.Qxe4 f6 18.Bd3 f5 19.Qe2 Bf6 20.Bc4 Ra7 21.Bxf6 Rxf6 22.Qe5 Rf8
23.Bb3 Qc5 24.Rf3 Qe7 25.g3 a5 26.Na4 Ba6 27.c4 Nf6 28.Nc5 a4 29.Bxa4 Bxc4
30.Rc3 Bd5 31.Rd4 Rfa8 32.a3 Ra5 33.b4 Rxa4 34.Nxa4 Rxa4 35.Kb2 Kh7 36.Re3 Qb7
37.Qd6 Ne4 38.Rexe4 fxe4 39.f5 exf5 40.h5 Qf7  0-1

[Event "New England Masters"]
[Site "Peabody USA"]
[Date "2007.08.17"]
[Round "8"]
[White "Bournival,B"]
[Black "Figler,I"]
[Result "1/2-1/2"]
[WhiteElo "2291"]
[BlackElo "2321"]

1.e4 c5 2.Nf3 Nc6 3.d4 cxd4 4.Nxd4 Nf6 5.Nc3 d6 6.Bg5 e6 7.Qd2 a6 8.O-O-O Bd7
9.f4 b5 10.Bxf6 gxf6 11.Nxc6 Bxc6 12.Qe1 Qa5 13.Kb1 O-O-O 14.Bd3 h5 15.Qf2 Kb7
16.f5 Be7 17.Rhe1 Rdg8 18.Nd5 Bd8 19.fxe6 fxe6 20.Nf4 Re8 21.c4 b4 22.Bc2  1/2-1/2

[Event "Open A"]
[Site "Polanica Zdroj POL"]
[Date "2007.08.17"]
[Round "1"]
[White "Szumilas,Pa"]
[Black "Przezdziecka,M"]
[Result "0-1"]
[WhiteElo "2127"]
[BlackElo "2315"]

1.e4 c5 2.Nf3 Nc6 3.d4 cxd4 4.Nxd4 Nf6 5.Nc3 d6 6.Bg5 Bd7 7.Nb3 a6 8.Bxf6 gxf6
9.Qh5 b5 10.Bd3 Ne5 11.O-O Bg4 12.Qh4 Rg8 13.Kh1 h5 14.f4 Ng6 15.Qf2 Bd7
16.a4 Bh6 17.f5 Nf4 18.g3 Nxd3 19.cxd3 bxa4 20.Nxa4 Bb5 21.Rfd1 Rb8 22.Nd4 h4
23.gxh4 Bxa4 24.Rxa4 Qb6 25.b3 Rc8 26.Rda1 Rc3 27.Rc4 Rxc4 28.bxc4 Rg4 29.Rd1 Kd7
30.h3 Rf4 31.Qg1 Rxh4 32.Nf3 Rxh3+ 33.Kg2 Be3 34.c5 Qxc5 35.d4 Qc2+ 36.Rd2 Qxd2+
37.Nxd2 Bxg1 38.Kxh3 Bxd4 39.Kg2  0-1

[Event "TCh-ESP CECLUB Norte Div 1"]
[Site "Sabadell ESP"]
[Date "2007.08.17"]
[Round "4"]
[White "Jansa,Vl"]
[Black "Comas Fabrego,L"]
[Result "1/2-1/2"]
[WhiteElo "2494"]
[BlackElo "2486"]

1.e4 c5 2.Nf3 d6 3.d4 cxd4 4.Nxd4 Nf6 5.Nc3 Nc6 6.Bg5 e6 7.Qd2 a6 8.O-O-O Bd7
9.f4 h6 10.Bh4 g5 11.fxg5 Ng4 12.Be2 Nge5 13.Nf3 Be7 14.Bf2 hxg5 15.Na4 b5
16.Nb6 Rb8 17.Nxd7 Qxd7 18.Nxg5 Bf6 19.Nf3 Nc4 20.Bxc4 bxc4 21.c3 Rh5 22.Bg3  1/2-1/2